<?xml version="1.0" encoding="UTF-8"?>
<record
    xmlns:xsi="http://www.w3.org/2001/XMLSchema-instance"
    xsi:schemaLocation="http://www.loc.gov/MARC21/slim http://www.loc.gov/standards/marcxml/schema/MARC21slim.xsd"
    xmlns="http://www.loc.gov/MARC21/slim">

  <leader>03237nam a22003377a 4500</leader>
  <datafield tag="999" ind1=" " ind2=" ">
    <subfield code="c">21782</subfield>
    <subfield code="d">21782</subfield>
  </datafield>
  <controlfield tag="003">AR-CdUCM</controlfield>
  <controlfield tag="008">190425b           ||||| |||| 00| 0 spa d</controlfield>
  <datafield tag="040" ind1=" " ind2=" ">
    <subfield code="a">MUNICIPALIDAD PROVINCIAL DEL CUSCO</subfield>
    <subfield code="c">BIBLIOTECA MUNICIPAL DEL CUSCO</subfield>
  </datafield>
  <datafield tag="082" ind1=" " ind2=" ">
    <subfield code="a">Rev.Univ/N&#xB0;133/1985</subfield>
  </datafield>
  <datafield tag="110" ind1=" " ind2=" ">
    <subfield code="a">Universidad Nacional de San Antonio Abad del Cusco</subfield>
    <subfield code="9">15942</subfield>
  </datafield>
  <datafield tag="245" ind1=" " ind2=" ">
    <subfield code="a">Revista Universitaria :</subfield>
    <subfield code="b">&#xD3;rgano de la Universidad del Cuzco /</subfield>
  </datafield>
  <datafield tag="260" ind1=" " ind2=" ">
    <subfield code="a">Cusco :</subfield>
    <subfield code="b">Universidad Nacional de San Antonio Abad del Cusco,</subfield>
    <subfield code="c">1985.</subfield>
  </datafield>
  <datafield tag="300" ind1=" " ind2=" ">
    <subfield code="a">375 p&#xE1;ginas. :</subfield>
    <subfield code="c">20 cm.</subfield>
  </datafield>
  <datafield tag="440" ind1=" " ind2=" ">
    <subfield code="a">Revista Universitaria</subfield>
    <subfield code="n">A&#xF1;o LXXI, 1985, N&#xB0;133.</subfield>
    <subfield code="9">46085</subfield>
  </datafield>
  <datafield tag="505" ind1=" " ind2=" ">
    <subfield code="a">Contenido: Algunos insectos y &#xE1;caros de inter&#xE9;s medico veterinario. Jos&#xE9; Escalante Guti&#xE9;rrez. -- Comportamiento fisiol&#xF3;gico del Jatacco Amaranthus Hibridus. Horacio Zamalloa D&#xED;az Horacio. -- La producci&#xF3;n de carnes en el departamento del Cusco y sus respectivas al a&#xF1;o 2000. Dante Astete Canal. -- Reivindicar el ganado criollo una necesidad nacional. Mario Ru&#xED;z de Castilla Mar&#xED;n. -- Desechos urbanos del Cusco, problem&#xE1;tica y alternativas. Juan Eduardo Gil Mora. -- Operaci&#xF3;n de Bricker nuestra experiencia. Humberto Covarrubias Campana. -- Exploraci&#xF3;n geot&#xE9;cnica del macizo rocoso para la construcci&#xF3;n de la nueva central hidroel&#xE9;ctrica subterr&#xE1;nea en Machu Picchu Cusco. Felipe C&#xE1;rdenas Alem&#xE1;n. -- Estudio de las principales propiedades f&#xED;sico mec&#xE1;nicas de la alba&#xF1;iler&#xED;a de ladrillo en la ciudad del Cusco. Julio Rojas Bravo. -- Formaci&#xF3;n de la sociedad peruana precolombina una visi&#xF3;n hist&#xF3;rica. C&#xE9;sar Gonzales Mires. -- Por una reestructuraci&#xF3;n estructurante del programa acad&#xE9;mica de antropolog&#xED;a. Oscar Murillo Serna -- Fuerza de trabajo en la comunidad campesina de Kuyo Grande. Jos&#xE9; Canal. -- La movilizaci&#xF3;n social en la Arqueolog&#xED;a. Rub&#xE9;n Acurio Moreno. -- Wachacuy o parto y alumbrado medicina folklorica. N&#xE9;lida Silva Hurtado. -- Proceso Cultural del Per&#xFA;. Rub&#xE9;n Bueno Pacheco. -- El mercado de contrabando y el empleo en el Cusco. Efra&#xED;n Ben&#xED;tez Arag&#xF3;n. -- La protecci&#xF3;n legal del concubinato. Rolando Peralta And&#xED;a. -- Kcori Champi de Lizandro Caller la primera novela indigenista del Per&#xFA;. Julio Miranda Bernal. -- La poes&#xED;a Quechua y su restauraci&#xF3;n. Ren&#xE9; Farf&#xE1;n Barrios. -- Los m&#xFA;ltiples aspectos del tiempo. Mois&#xE9;s Tello Palomino. -- El colegio de aplicaci&#xF3;n Fortunato Luciano Herrera requiere de un local modelo. Dar&#xED;o Olave Dur&#xE1;n. -- Cusco pasado presente y futuro homenaje al Cusco. Manuel Ch&#xE1;vez Ball&#xF3;n. -- Fundamentos de proyecci&#xF3;n social. Armando Barrionuevo S&#xE1;nchez Armando.</subfield>
  </datafield>
  <datafield tag="650" ind1=" " ind2=" ">
    <subfield code="a">Antropolog&#xED;a cusque&#xF1;a</subfield>
    <subfield code="9">45862</subfield>
  </datafield>
  <datafield tag="650" ind1=" " ind2=" ">
    <subfield code="a">Arqueolog&#xED;a cusque&#xF1;a</subfield>
    <subfield code="9">9322</subfield>
  </datafield>
  <datafield tag="650" ind1=" " ind2=" ">
    <subfield code="a">Medicina tradicional</subfield>
    <subfield code="9">14646</subfield>
  </datafield>
  <datafield tag="650" ind1=" " ind2=" ">
    <subfield code="a">Literatura quechua</subfield>
    <subfield code="9">7789</subfield>
  </datafield>
  <datafield tag="650" ind1=" " ind2=" ">
    <subfield code="a">Comunidades campesinas</subfield>
    <subfield code="9">2214</subfield>
  </datafield>
  <datafield tag="650" ind1=" " ind2=" ">
    <subfield code="a">Folklore cusque&#xF1;o</subfield>
    <subfield code="9">8693</subfield>
  </datafield>
  <datafield tag="700" ind1=" " ind2=" ">
    <subfield code="a">Murillo Serna, Oscar</subfield>
    <subfield code="9">46084</subfield>
  </datafield>
  <datafield tag="700" ind1=" " ind2=" ">
    <subfield code="a">Ch&#xE1;vez Ball&#xF3;n, Manuel</subfield>
    <subfield code="9">45977</subfield>
  </datafield>
  <datafield tag="700" ind1=" " ind2=" ">
    <subfield code="a">Barrionuevo S&#xE1;nchez, Armando</subfield>
    <subfield code="9">31129</subfield>
  </datafield>
  <datafield tag="700" ind1=" " ind2=" ">
    <subfield code="a">Farf&#xE1;n Barrios, Ren&#xE9;</subfield>
    <subfield code="9">46086</subfield>
  </datafield>
  <datafield tag="700" ind1=" " ind2=" ">
    <subfield code="a">Tello Palomino, Mois&#xE9;s</subfield>
    <subfield code="9">17121</subfield>
  </datafield>
  <datafield tag="700" ind1=" " ind2=" ">
    <subfield code="a">Zamalloa D&#xED;az, Horacio</subfield>
    <subfield code="9">46081</subfield>
  </datafield>
  <datafield tag="710" ind1=" " ind2=" ">
    <subfield code="a">Universidad Nacional de San Antonio Abad del Cusco</subfield>
    <subfield code="9">15942</subfield>
  </datafield>
  <datafield tag="942" ind1=" " ind2=" ">
    <subfield code="2">ddc</subfield>
    <subfield code="c">PP</subfield>
  </datafield>
  <datafield tag="945" ind1=" " ind2=" ">
    <subfield code="a">rac</subfield>
  </datafield>
  <datafield tag="952" ind1=" " ind2=" ">
    <subfield code="0">0</subfield>
    <subfield code="2">ddc</subfield>
    <subfield code="4">0</subfield>
    <subfield code="7">0</subfield>
    <subfield code="a">HEM</subfield>
    <subfield code="b">HEM</subfield>
    <subfield code="c">CART</subfield>
    <subfield code="d">2021-07-22</subfield>
    <subfield code="g">10.00</subfield>
    <subfield code="o">Rev.Univ/N&#xB0;133/1985</subfield>
    <subfield code="p">REVC000218</subfield>
    <subfield code="r">2021-07-22</subfield>
    <subfield code="y">PP</subfield>
  </datafield>
</record>
